000 00730nam a2200289Ia 4500
005 20260324144916.0
008 008 260324s9999 xx 000 0 eng d
020 _a9780203037836
037 _aEBOOK
040 _aCRL
040 _beng
040 _cCRL
041 _2eng
041 _aeng
084 _qCRL
100 _aWim Van Binsbergen; Peter Geschiere
_91221051
245 0 _aOld Modes of Production and Capitalist Encroachment
245 0 _bAnthropological Explorations in Africa
260 _bTaylor and Francis
260 _c1985
365 _a
365 _b265
856 _uhttp://www.taylorfrancis.com/books/9780203037836
942 _cEBOOK
999 _c1828261
_d1828261